[Event "Quebec op"]
[Site "Montreal CAN"]
[Date "2007.07.23"]
[Round "4"]
[White "De la Paz Perdomo, Frank"]
[Black "Bolduc, Steve"]
[Result "1-0"]
[WhiteElo "2452"]
[BlackElo "2262"]
[PlyCount "57"]
[GameId "2160767910576195"]
[EventDate "2007.07.20"]
[EventType "swiss"]
[EventRounds "9"]
[EventCountry "CAN"]
[SourceTitle "CBM 119 Extra"]
[Source "ChessBase"]
[SourceDate "2007.09.04"]
[SourceVersion "1"]
[SourceVersionDate "2007.09.04"]
[SourceQuality "1"]

1. e4 c6 2. d4 d5 3. Nc3 dxe4 4. Nxe4 Nd7 5. Ng5 e6 6. Bd3 Ngf6 7. N1f3 Bd6 8. Qe2 h6 9. Ne4 Nxe4 10. Qxe4 Nf6 11. Qe2 O-O 12. Bd2 c5 13. dxc5 Bxc5 14. O-O-O Qe7 15. Ne5 b6 16. g4 Bb7 17. Rhg1 Rfc8 18. g5 hxg5 19. Bxg5 Ba3 20. c4 b5 21. Nd7 bxc4 22. Bh7+ Nxh7 23. Bxe7 Bxe7 24. Qe5 g5 25. h4 c3 26. hxg5 cxb2+ 27. Kxb2 Rc4 28. Nf6+ Bxf6 29. gxf6+ 1-0

[Event "Quebec op"]
[Site "Montreal CAN"]
[Date "2007.07.24"]
[Round "5"]
[White "Bolduc, Steve"]
[Black "Abou Nassif, Ahmad"]
[Result "1-0"]
[WhiteElo "2262"]
[BlackElo "1842"]
[PlyCount "103"]
[GameId "2160767910576210"]
[EventDate "2007.07.20"]
[EventType "swiss"]
[EventRounds "9"]
[EventCountry "CAN"]

1. Nf3 Nf6 2. c4 c5 3. Nc3 e6 4. d4 cxd4 5. Nxd4 Be7 6. g3 O-O 7. Bg2 a6 8. O-O Qc7 9. Qd3 d6 10. b3 Nbd7 11. Ba3 Nc5 12. Qd2 Bd7 13. Rfe1 Rad8 14. Rac1 Qb8 15. h3 d5 16. b4 Na4 17. cxd5 Nxc3 18. Rxc3 Nxd5 19. Rd3 b5 20. Nb3 Bc6 21. Na5 Ba8 22. Rd1 Qb6 23. e4 Nf6 24. Qe2 Rc8 25. Nb3 Rc4 26. Nc5 Bxc5 27. bxc5 Qa5 28. c6 Rc8 29. Be7 Bxc6 30. Rd8+ Be8 31. e5 Nd5 32. Bxd5 exd5 33. R1xd5 Qc7 34. Rxc8 Qxc8 35. Rd8 Rc1+ 36. Kh2 Qc6 37. Qf3 f6 38. e6 Qxe6 39. Rxe8+ Kf7 40. Rf8+ Kxe7 41. Qa8 Qd7 42. Rg8 Kf7 43. Rh8 Kg6 44. Qg8 h6 45. Qh7+ Kh5 46. Rd8 Qe6 47. Qxg7 f5 48. Rd5 Rh1+ 49. Kxh1 Qxd5+ 50. Kh2 Qe6 51. a3 Qd6 52. Qf7+ 1-0

[Event "Quebec op"]
[Site "Montreal CAN"]
[Date "2007.07.25"]
[Round "6"]
[White "Hua, Lethyn"]
[Black "Bolduc, Steve"]
[Result "0-1"]
[WhiteElo "2323"]
[BlackElo "2262"]
[PlyCount "54"]
[GameId "2160767910576233"]
[EventDate "2007.07.20"]
[EventType "swiss"]
[EventRounds "9"]
[EventCountry "CAN"]
[SourceTitle "CBM 119 Extra"]
[Source "ChessBase"]
[SourceDate "2007.09.04"]
[SourceVersion "1"]
[SourceVersionDate "2007.09.04"]
[SourceQuality "1"]

1. d4 Nf6 2. c4 e6 3. Nc3 Bb4 4. e3 c5 5. Nge2 b6 6. a3 Ba5 7. Rb1 Na6 8. f3 O-O 9. d5 exd5 10. cxd5 b5 11. e4 d6 12. Be3 Re8 13. Ng3 b4 14. axb4 cxb4 15. Nb5 Bb6 16. Bxb6 Qxb6 17. Qd4 Nc5 18. Rc1 Ba6 19. Nf5 Bxb5 20. Bxb5 Qxb5 21. Nxd6 Nd3+ 22. Kd2 Nxc1 23. Rxc1 Qa5 24. Nxe8 Rxe8 25. Qc5 Qxc5 26. Rxc5 Rxe4 27. Rb5 Re8 0-1

[Event "Quebec op"]
[Site "Montreal CAN"]
[Date "2007.07.27"]
[Round "8"]
[White "Bolduc, Steve"]
[Black "Morin, Yves"]
[Result "0-1"]
[WhiteElo "2262"]
[BlackElo "2226"]
[PlyCount "79"]
[GameId "2160767910576263"]
[EventDate "2007.07.20"]
[EventType "swiss"]
[EventRounds "9"]
[EventCountry "CAN"]
[SourceTitle "CBM 119 Extra"]
[Source "ChessBase"]
[SourceDate "2007.09.04"]
[SourceVersion "1"]
[SourceVersionDate "2007.09.04"]
[SourceQuality "1"]

1. d4 Nf6 2. Nf3 d6 3. Nc3 g6 4. e4 Bg7 5. Be3 Nbd7 6. Qd2 Ng4 7. Bg5 h6 8. Bh4 g5 9. Bg3 Ngf6 10. e5 Nh5 11. e6 fxe6 12. Bd3 Nf8 13. O-O-O c6 14. Qe2 Qa5 15. Ne5 Nxg3 16. hxg3 dxe5 17. Qh5+ Kd8 18. Qf7 Bf6 19. Rxh6 Rxh6 20. Qxf8+ Kc7 21. Qxh6 exd4 22. Ne4 Qxa2 23. Nxf6 Qa1+ 24. Kd2 Qa5+ 25. Ke2 exf6 26. Qxf6 Qd5 27. Rh1 Bd7 28. Rh7 c5 29. f3 a6 30. Be4 Qd6 31. Qxg5 Kb6 32. Kf2 Bc6 33. Bxc6 Qxc6 34. Qe5 Rd8 35. Re7 Rd6 36. Qe4 Qxe4 37. fxe4 c4 38. e5 d3 39. exd6 dxc2 40. d7 0-1

[Event "Quebec-ch"]
[Site "Quebec CAN"]
[Date "2007.06.21"]
[Round "1"]
[White "Khassanov, Marat"]
[Black "Bolduc, Steve"]
[Result "1-0"]
[WhiteElo "2302"]
[BlackElo "2262"]
[PlyCount "103"]
[GameId "2160767910667654"]
[EventDate "2007.06.21"]
[EventType "tourn"]
[EventRounds "9"]
[EventCountry "CAN"]
[SourceTitle "CBM 119 Extra"]
[Source "ChessBase"]
[SourceDate "2007.09.04"]
[SourceVersion "1"]
[SourceVersionDate "2007.09.04"]
[SourceQuality "1"]

1. e4 c5 2. Nf3 d6 3. d4 cxd4 4. Nxd4 Nf6 5. Nc3 a6 6. Be3 e5 7. Nb3 Be6 8. Be2 b5 9. O-O Nbd7 10. f4 Rc8 11. Bf3 Be7 12. a4 b4 13. Nd5 Nxd5 14. exd5 Bf5 15. Rc1 O-O 16. fxe5 Nxe5 17. Be2 Bg5 18. Qd2 Bxe3+ 19. Qxe3 Bg6 20. Bxa6 Rxc2 21. a5 Qa8 22. Bb5 Qxd5 23. Rxc2 Bxc2 24. Nd4 Be4 25. a6 Bxg2 26. Rf4 Bh1 27. Qg3 g6 28. Bf1 Be4 29. Qe3 f5 30. h3 Rc8 31. Rf2 Nc4 32. Bxc4 Rxc4 33. Nxf5 Rc1+ 34. Qxc1 gxf5 35. Qc8+ Kg7 36. Qb7+ Qxb7 37. axb7 Bxb7 38. Rxf5 Bc8 39. Rd5 Bxh3 40. Rxd6 Kf7 41. Rb6 Ke7 42. Rxb4 Kd6 43. Kf2 h5 44. Rb5 Bg4 45. Ke3 Kc6 46. Rg5 Bd1 47. Kd3 Bf3 48. Kd4 Bd1 49. Rc5+ Kb6 50. Re5 Kc6 51. Kc4 Kd6 52. Rd5+ 1-0

[Event "Quebec-ch"]
[Site "Quebec CAN"]
[Date "2007.06.22"]
[Round "2"]
[White "Bolduc, Steve"]
[Black "Audet-Bouchard, Nicolas"]
[Result "1/2-1/2"]
[WhiteElo "2262"]
[BlackElo "2204"]
[PlyCount "142"]
[GameId "2160767910667658"]
[EventDate "2007.06.21"]
[EventType "tourn"]
[EventRounds "9"]
[EventCountry "CAN"]
[SourceTitle "CBM 119 Extra"]
[Source "ChessBase"]
[SourceDate "2007.09.04"]
[SourceVersion "1"]
[SourceVersionDate "2007.09.04"]
[SourceQuality "1"]

1. d4 Nf6 2. c4 e6 3. Nc3 Bb4 4. g3 c5 5. Nf3 cxd4 6. Nxd4 Ne4 7. Qd3 Qa5 8. Nb3 Nxc3 9. Bd2 Ne4 10. Qxe4 Bxd2+ 11. Nxd2 O-O 12. Bg2 Nc6 13. Qe3 d5 14. O-O d4 15. Qd3 e5 16. a3 f5 17. b4 Qc7 18. Bd5+ Kh8 19. e4 f4 20. f3 fxg3 21. hxg3 Qe7 22. Kf2 Qg5 23. Rh1 Rf6 24. Rag1 Bd7 25. Ke2 Raf8 26. b5 Nd8 27. Kd1 Ne6 28. f4 Qg4+ 29. Kc2 Nc5 30. Qf3 exf4 31. e5 Qf5+ 32. Ne4 fxg3 33. Qxg3 R6f7 34. Qh4 Nxe4 35. Bxe4 Qxe4+ 36. Qxe4 Bf5 37. Re1 Bxe4+ 38. Rxe4 Rd8 39. e6 Re7 40. Kd3 g6 41. Rhe1 Kg7 42. Rxd4 Rde8 43. Rde4 Kf6 44. Rf1+ Kg7 45. Ref4 h5 46. Rf7+ Kh6 47. Rxe7 Rxe7 48. Re1 h4 49. Kd4 g5 50. Ke5 h3 51. Kf6 Re8 52. Kf7 Rc8 53. e7 g4 54. e8=Q Rxe8 55. Rxe8 Kg5 56. c5 h2 57. Rh8 g3 58. c6 bxc6 59. bxc6 g2 60. Rg8+ Kf4 61. c7 g1=Q 62. c8=Q Qxg8+ 63. Kxg8 h1=Q 64. Qb8+ Kf5 65. Qxa7 Qd5+ 66. Kf8 Qd6+ 67. Ke8 Ke6 68. a4 Kd5 69. a5 Qe6+ 70. Kd8 Qd6+ 71. Kc8 Qf8+ 1/2-1/2

[Event "Quebec-ch"]
[Site "Quebec CAN"]
[Date "2007.06.23"]
[Round "3"]
[White "Ye, Ling Feng"]
[Black "Bolduc, Steve"]
[Result "0-1"]
[WhiteElo "2141"]
[BlackElo "2262"]
[PlyCount "116"]
[GameId "2160767910667666"]
[EventDate "2007.06.21"]
[EventType "tourn"]
[EventRounds "9"]
[EventCountry "CAN"]
[SourceTitle "CBM 119 Extra"]
[Source "ChessBase"]
[SourceDate "2007.09.04"]
[SourceVersion "1"]
[SourceVersionDate "2007.09.04"]
[SourceQuality "1"]

1. e4 c5 2. Nf3 d6 3. d4 cxd4 4. Nxd4 Nf6 5. Nc3 a6 6. Be3 e5 7. Nb3 Be6 8. f4 exf4 9. Bxf4 Nc6 10. Qe2 Nd7 11. O-O-O Nce5 12. h3 Rc8 13. g4 Be7 14. Nd5 Bxd5 15. exd5 Bg5 16. Qd2 Bxf4 17. Qxf4 O-O 18. h4 Qf6 19. Qxf6 Nxf6 20. g5 Ne4 21. Rh2 Rc7 22. Bd3 Nc5 23. Be2 Rfc8 24. c3 g6 25. Rd4 Kf8 26. Rf2 Ke7 27. Kd2 h6 28. gxh6 Rh8 29. Rb4 Nxb3+ 30. axb3 Rxh6 31. Rbf4 Rc5 32. c4 a5 33. Kc3 Rc8 34. b4 axb4+ 35. Kxb4 Rch8 36. Kb5 Rxh4 37. b4 Rxf4 38. Rxf4 Rh2 39. Bd1 Rb2 40. Rd4 f5 41. c5 g5 42. c6 bxc6+ 43. dxc6 Rb1 44. Kb6 Rc1 45. b5 g4 46. Bb3 g3 47. Bd5 Rc5 48. Bg2 Rc2 49. Kb7 Rxg2 50. c7 Rc2 51. c8=Q Rxc8 52. Kxc8 g2 53. Rd1 f4 54. b6 f3 55. b7 Nc6 56. Rc1 f2 57. Rxc6 f1=Q 58. Rc7+ Ke6 0-1

[Event "Quebec-ch"]
[Site "Quebec CAN"]
[Date "2007.06.27"]
[Round "6"]
[White "Voskanyan, Vahagn"]
[Black "Bolduc, Steve"]
[Result "1-0"]
[WhiteElo "2275"]
[BlackElo "2262"]
[PlyCount "97"]
[GameId "2160767910667681"]
[EventDate "2007.06.21"]
[EventType "tourn"]
[EventRounds "9"]
[EventCountry "CAN"]
[SourceTitle "CBM 119 Extra"]
[Source "ChessBase"]
[SourceDate "2007.09.04"]
[SourceVersion "1"]
[SourceVersionDate "2007.09.04"]
[SourceQuality "1"]

1. c4 b6 2. d4 e6 3. a3 Bb7 4. Nc3 f5 5. Bf4 Nf6 6. e3 Bd6 7. Bxd6 cxd6 8. Nb5 Ke7 9. f3 a6 10. Nc3 Nc6 11. Bd3 Rc8 12. b4 f4 13. Nge2 fxe3 14. Qc1 Kf7 15. Qxe3 Ne7 16. O-O b5 17. cxb5 Qb6 18. bxa6 Bxa6 19. Bxa6 Qxa6 20. b5 Ned5 21. Qd3 Qa5 22. Ne4 Ke7 23. a4 Nb6 24. Qe3 Rc2 25. N2g3 Nbd5 26. Qg5 g6 27. Nxf6 Nxf6 28. Ne4 Rf8 29. Nxf6 Rxf6 30. d5 e5 31. Rfc1 Re2 32. Qh6 Qb6+ 33. Kh1 Qf2 34. Qxh7+ Rf7 35. Qxg6 Qh4 36. Qg3 Qh6 37. Rg1 Rg7 38. Qh3 Qg6 39. Rae1 Rd2 40. f4 Rh7 41. Qf3 Rd3 42. Re3 Rd4 43. Rf1 Rf7 44. g3 Qc2 45. f5 Rd2 46. f6+ Kd8 47. h4 Qa2 48. Rc3 e4 49. Rfc1 1-0

[Event "Quebec-ch"]
[Site "Quebec CAN"]
[Date "2007.06.29"]
[Round "8"]
[White "Masse, Hugues"]
[Black "Bolduc, Steve"]
[Result "1-0"]
[WhiteElo "2181"]
[BlackElo "2262"]
[PlyCount "65"]
[GameId "2160767910667690"]
[EventDate "2007.06.21"]
[EventType "tourn"]
[EventRounds "9"]
[EventCountry "CAN"]
[SourceTitle "CBM 119 Extra"]
[Source "ChessBase"]
[SourceDate "2007.09.04"]
[SourceVersion "1"]
[SourceVersionDate "2007.09.04"]
[SourceQuality "1"]

1. d4 d5 2. c4 Bf5 3. cxd5 Bxb1 4. Qa4+ c6 5. dxc6 Nxc6 6. Rxb1 e5 7. Bd2 Qxd4 8. Qxd4 exd4 9. Nf3 g6 10. g3 Bg7 11. Bg2 Nge7 12. O-O O-O 13. e3 dxe3 14. Bxe3 Rfd8 15. Rfd1 Rac8 16. Bh3 Nf5 17. Bxf5 gxf5 18. b3 Bf6 19. Rxd8+ Rxd8 20. Rc1 Kg7 21. Kf1 Rd7 22. Ke2 Nb4 23. Rd1 Nd5 24. Bd4 Re7+ 25. Kf1 Rd7 26. Bxf6+ Kxf6 27. Rd4 Ke6 28. Ng5+ Ke5 29. Rh4 Nf6 30. Nxh7 Rd1+ 31. Ke2 Ra1 32. f4+ Ke6 33. Rh6 1-0

[Event "Quebec-ch"]
[Site "Quebec CAN"]
[Date "2007.06.30"]
[Round "9"]
[White "Bolduc, Steve"]
[Black "Luksza, Arkadiusz"]
[Result "1-0"]
[WhiteElo "2262"]
[BlackElo "2141"]
[PlyCount "57"]
[GameId "2160767910667694"]
[EventDate "2007.06.21"]
[EventType "tourn"]
[EventRounds "9"]
[EventCountry "CAN"]
[SourceTitle "CBM 119 Extra"]
[Source "ChessBase"]
[SourceDate "2007.09.04"]
[SourceVersion "1"]
[SourceVersionDate "2007.09.04"]
[SourceQuality "1"]

1. d4 e6 2. c4 Nf6 3. Nc3 Bb4 4. g3 c5 5. Nf3 O-O 6. Bg2 cxd4 7. Nxd4 Nc6 8. O-O d5 9. cxd5 exd5 10. Bg5 Be7 11. Rc1 h6 12. Be3 Ne5 13. Qb3 Nc4 14. Nxd5 Nxd5 15. Rxc4 Nxe3 16. Qxe3 Bf6 17. b3 Qa5 18. Ra4 Qb6 19. Nc2 Qc7 20. Nb4 Be6 21. Nd5 Bxd5 22. Bxd5 Rad8 23. Qf3 b5 24. Ra6 Bd4 25. Rc6 Qa5 26. Rd1 Bf6 27. e4 b4 28. Qh5 Rde8 29. Bxf7+ 1-0

[Event "Sherbrooke op A"]
[Site "Sherbrooke CAN"]
[Date "2007.05.25"]
[Round "1"]
[White "Szalay, Karoly"]
[Black "Bolduc, Steve"]
[Result "1-0"]
[WhiteElo "1999"]
[BlackElo "2332"]
[PlyCount "47"]
[GameId "2160767910676003"]
[EventDate "2007.05.25"]
[EventType "swiss"]
[EventRounds "5"]
[EventCountry "CAN"]
[SourceTitle "EXT 2022"]
[Source "ChessBase"]
[SourceDate "2021.10.06"]
[SourceVersion "1"]
[SourceVersionDate "2021.10.06"]
[SourceQuality "1"]

1. e4 c5 2. Nf3 d6 3. d4 cxd4 4. Nxd4 Nf6 5. Nc3 a6 6. Bg5 e6 7. f4 Be7 8. Qf3 h6 9. Bxf6 Bxf6 10. O-O-O O-O 11. e5 dxe5 12. Nxe6 Bxe6 13. Rxd8 Rxd8 14. f5 Bg5+ 15. Kb1 Bd7 16. Bc4 Nc6 17. h4 Bd2 18. Ne4 Bb4 19. Qh5 Be8 20. f6 Bf8 21. Ng5 gxf6 22. Bxf7+ Kh8 23. Qg6 fxg5 24. Qg8# 1-0

[Event "Sherbrooke op A"]
[Site "Sherbrooke CAN"]
[Date "2007.05.26"]
[Round "2"]
[White "Bolduc, Steve"]
[Black "Corriveau, Philippe"]
[Result "1-0"]
[WhiteElo "2332"]
[BlackElo "1958"]
[PlyCount "73"]
[GameId "2160767910676004"]
[EventDate "2007.05.25"]
[EventType "swiss"]
[EventRounds "5"]
[EventCountry "CAN"]
[SourceTitle "EXT 2022"]
[Source "ChessBase"]
[SourceDate "2021.10.06"]
[SourceVersion "1"]
[SourceVersionDate "2021.10.06"]
[SourceQuality "1"]

1. d4 Nf6 2. Nf3 g6 3. c4 Bg7 4. Nc3 d6 5. e4 O-O 6. Be2 e5 7. O-O Nc6 8. d5 Ne7 9. b4 Nh5 10. Re1 f5 11. Ng5 Nf4 12. Bxf4 exf4 13. Rc1 c6 14. Bf3 h6 15. Ne6 Bxe6 16. dxe6 a6 17. c5 Bxc3 18. Rxc3 fxe4 19. Bxe4 d5 20. Bc2 Rf6 21. Qd4 Kg7 22. Rh3 Qf8 23. Rf3 Kg8 24. h4 Re8 25. g3 Nf5 26. Qc3 Rfxe6 27. Rxe6 Rxe6 28. Rxf4 Qg7 29. Qd2 Ne7 30. h5 gxh5 31. Qd1 Ng6 32. Bxg6 Qxg6 33. Qf3 Kg7 34. Qc3+ Kh7 35. Rf8 Qg7 36. Qf3 Re1+ 37. Kg2 1-0

[Event "Sherbrooke op A"]
[Site "Sherbrooke CAN"]
[Date "2007.05.26"]
[Round "3"]
[White "Forget, Luc"]
[Black "Bolduc, Steve"]
[Result "0-1"]
[WhiteElo "1962"]
[BlackElo "2332"]
[PlyCount "54"]
[GameId "2160767910676010"]
[EventDate "2007.05.25"]
[EventType "swiss"]
[EventRounds "5"]
[EventCountry "CAN"]
[SourceTitle "EXT 2022"]
[Source "ChessBase"]
[SourceDate "2021.10.06"]
[SourceVersion "1"]
[SourceVersionDate "2021.10.06"]
[SourceQuality "1"]

1. d4 Nf6 2. c4 e6 3. g3 Bb4+ 4. Bd2 c5 5. Nf3 O-O 6. Bg2 d5 7. cxd5 exd5 8. O-O Nc6 9. Bg5 h6 10. Be3 c4 11. Nc3 Re8 12. h3 Qa5 13. Qc1 Bf5 14. a3 Bxc3 15. bxc3 Ne4 16. Bd2 Bh7 17. Kh2 Re7 18. Ng1 Rae8 19. Ra2 Qa4 20. f3 Nxd2 21. Qxd2 Na5 22. h4 Nb3 23. Qb2 Qa5 24. f4 Re3 25. Rf3 Bf5 26. Nh3 Bg4 27. Rxe3 Rxe3 0-1

[Event "Sherbrooke op A"]
[Site "Sherbrooke CAN"]
[Date "2007.05.27"]
[Round "5"]
[White "Bolduc, Steve"]
[Black "Larochelle, Martial"]
[Result "1/2-1/2"]
[WhiteElo "2332"]
[BlackElo "2186"]
[PlyCount "132"]
[GameId "2160767910676019"]
[EventDate "2007.05.25"]
[EventType "swiss"]
[EventRounds "5"]
[EventCountry "CAN"]
[SourceTitle "EXT 2022"]
[Source "ChessBase"]
[SourceDate "2021.10.06"]
[SourceVersion "1"]
[SourceVersionDate "2021.10.06"]
[SourceQuality "1"]

1. d4 Nf6 2. c4 e6 3. Nc3 Bb4 4. e3 b6 5. Nge2 c5 6. a3 Ba5 7. Rb1 Na6 8. Bd2 O-O 9. Nf4 cxd4 10. exd4 Bxc3 11. Bxc3 d5 12. cxd5 Nxd5 13. Nxd5 Qxd5 14. f3 Nc7 15. Bd3 Ba6 16. Be4 Qg5 17. Kf2 Nd5 18. Re1 Rac8 19. Bxd5 Qxd5 20. Re5 Qc4 21. Qe1 Rfd8 22. Rd1 Rd5 23. h4 Rcd8 24. Kg3 h6 25. Rxd5 Rxd5 26. Rd2 Qc7+ 27. Kh3 Qd7 28. Kh2 Qd8 29. g4 Bb7 30. Re2 Qc7+ 31. Qg3 Qxg3+ 32. Kxg3 Kf8 33. Kf4 Ke7 34. h5 a5 35. Ke3 g6 36. hxg6 fxg6 37. Rg2 Kf7 38. Rc2 Rd7 39. Be1 g5 40. Bg3 Kg6 41. Be5 Bd5 42. Rc8 b5 43. Rg8+ Kh7 44. Rh8+ Kg6 45. f4 a4 46. fxg5 Kxg5 47. Rg8+ Kh4 48. Rg6 Rf7 49. Bf4 h5 50. g5 Rf8 51. Rf6 Rxf6 52. gxf6 e5 53. dxe5 Kg4 54. Kd4 Bc4 55. Bh2 Kf5 56. Kc5 Ke6 57. Kc6 h4 58. Bf4 h3 59. Bh2 Be2 60. Kc5 Bc4 61. Kd4 Bf1 62. Ke4 Bc4 63. Kf4 Kf7 64. Ke4 Be6 65. Kd4 Bc4 66. Kc5 Be2 1/2-1/2

[Event "Rimouski"]
[Site "Rimouski CAN"]
[Date "2007.05.18"]
[Round "1"]
[White "Schommer, Philippe"]
[Black "Bolduc, Steve"]
[Result "0-1"]
[WhiteElo "1597"]
[BlackElo "2312"]
[PlyCount "107"]
[GameId "2160767910676239"]
[EventDate "2007.05.18"]
[EventType "swiss"]
[EventRounds "5"]
[EventCountry "CAN"]

1. c4 Nf6 2. Nc3 c5 3. g3 Nc6 4. Bg2 e6 5. e4 Be7 6. Nge2 O-O 7. O-O a6 8. d3 Rb8 9. Bf4 d6 10. Rb1 b5 11. b3 b4 12. Na4 Bd7 13. h3 e5 14. Be3 Nd4 15. Bxd4 cxd4 16. Nb2 Bc6 17. Qd2 Nd7 18. g4 Nc5 19. Ng3 Bg5 20. Qe2 g6 21. Qc2 Bf4 22. Ra1 Qg5 23. Ne2 h5 24. Nxf4 Qxf4 25. Qc1 Qxc1 26. Rfxc1 Kg7 27. f3 f5 28. gxh5 gxh5 29. h4 Kh6 30. Rf1 Rb7 31. Kh2 Rbf7 32. Bh3 Bd7 33. Rg1 fxe4 34. Bxd7 Nxd7 35. fxe4 Nf6 36. Kh3 Ng4 37. Nd1 Rf1 38. Kg2 Rxg1+ 39. Kxg1 Rf3 40. a3 bxa3 41. Rxa3 Rxd3 42. Nb2 Rd2 43. Na4 Nf6 44. c5 Nxe4 45. cxd6 Nxd6 46. Nc5 Rc2 47. Nd3 Nf7 48. Rxa6+ Kg7 49. Re6 Re2 50. Nf4 Re3 51. Nxh5+ Kf8 52. Kf2 Rxb3 53. Ra6 e4 54. Nf4 0-1

[Event "Rimouski"]
[Site "Rimouski CAN"]
[Date "2007.05.19"]
[Round "2"]
[White "Bolduc, Steve"]
[Black "Fournier, Michael"]
[Result "1-0"]
[WhiteElo "2312"]
[BlackElo "1623"]
[PlyCount "123"]
[GameId "2160767910676240"]
[EventDate "2007.05.18"]
[EventType "swiss"]
[EventRounds "5"]
[EventCountry "CAN"]

1. d4 Nf6 2. Nf3 e6 3. c4 c5 4. d5 b5 5. Bg5 exd5 6. cxd5 d6 7. e4 Qa5+ 8. Qd2 Qxd2+ 9. Nbxd2 a6 10. a4 b4 11. Bd3 Be7 12. Nc4 O-O 13. O-O a5 14. Bf4 Rd8 15. Nb6 Ra7 16. Nxc8 Rxc8 17. Nd2 Nh5 18. Be3 Nd7 19. Nc4 Rb8 20. b3 Nb6 21. Rae1 Nxc4 22. Bxc4 Nf6 23. Bc1 Nd7 24. Bb2 Bf6 25. Bxf6 gxf6 26. f4 Re8 27. Bb5 Re7 28. Kf2 Nf8 29. Kf3 Ra8 30. g4 h6 31. h4 Kg7 32. Rh1 Nh7 33. Rh3 Nf8 34. Rg1 Rc7 35. g5 fxg5 36. hxg5 hxg5 37. Rxg5+ Kf6 38. Rh8 Rcc8 39. Rgg8 Rd8 40. Bc4 Ne6 41. Rh6+ Ke7 42. dxe6 Rxg8 43. exf7 Rh8 44. Re6+ Kxf7 45. Rxd6+ Ke7 46. Re6+ Kd7 47. f5 Raf8 48. Kf4 Rh7 49. Ke5 Re7 50. Bb5+ Kd8 51. f6 Rxe6+ 52. Kxe6 Rh8 53. Kd6 Rh3 54. e5 Rxb3 55. e6 Re3 56. e7+ Kc8 57. f7 b3 58. e8=Q+ Rxe8 59. fxe8=Q+ Kb7 60. Qc6+ Kb8 61. Qc7+ Ka8 62. Bc6# 1-0

[Event "Rimouski"]
[Site "Rimouski CAN"]
[Date "2007.05.19"]
[Round "3"]
[White "Lavoie, Eric"]
[Black "Bolduc, Steve"]
[Result "0-1"]
[WhiteElo "1783"]
[BlackElo "2312"]
[PlyCount "78"]
[GameId "2160767910676241"]
[EventDate "2007.05.18"]
[EventType "swiss"]
[EventRounds "5"]
[EventCountry "CAN"]

1. g3 d5 2. d4 Nf6 3. Nf3 e6 4. c4 dxc4 5. Bg2 Nc6 6. Qa4 Bd7 7. Qxc4 Na5 8. Qd3 c5 9. Bd2 Nc6 10. O-O Rc8 11. Bc3 b5 12. dxc5 Bxc5 13. Rd1 O-O 14. Nbd2 Nd5 15. Nb3 Bb6 16. e4 Nxc3 17. bxc3 Be8 18. Qe2 Qe7 19. Nbd4 Na5 20. Nxb5 Nc4 21. Nbd4 e5 22. Nf5 Qf6 23. Nd2 Nb2 24. Rdb1 Na4 25. Rb3 g6 26. Nh6+ Kg7 27. Ng4 Qe6 28. Ne3 Nxc3 29. Qg4 Qxg4 30. Nxg4 Ba4 31. Rb4 Bc5 32. Rc4 Bd4 33. Kh1 Rxc4 34. Nxc4 Nd1 35. Rxd1 Bxd1 36. Ngxe5 Be2 37. Kg1 Rc8 38. Bf1 Bxf1 39. Kxf1 f6 0-1

[Event "Rimouski"]
[Site "Rimouski CAN"]
[Date "2007.05.20"]
[Round "4"]
[White "Bolduc, Steve"]
[Black "Chevalier, Francois"]
[Result "1-0"]
[WhiteElo "2312"]
[BlackElo "1762"]
[PlyCount "63"]
[GameId "2160767910676242"]
[EventDate "2007.05.18"]
[EventType "swiss"]
[EventRounds "5"]
[EventCountry "CAN"]

1. d4 Nf6 2. c4 e6 3. Nf3 b6 4. Nc3 Bb4 5. Bg5 Bb7 6. e3 Bxc3+ 7. bxc3 h6 8. Bh4 d6 9. Bd3 g5 10. Bg3 Nbd7 11. O-O Qe7 12. Nd2 O-O-O 13. a4 a5 14. f3 Nh5 15. Be4 f5 16. Bxb7+ Kxb7 17. c5 Nxg3 18. hxg3 dxc5 19. Nc4 h5 20. Rb1 Ra8 21. d5 e5 22. d6 Qe6 23. Qb3 Rhe8 24. dxc7 Kxc7 25. Rfd1 Rab8 26. Rd6 Qf7 27. Rbd1 Re7 28. Qb5 Rb7 29. Rc6+ Kb8 30. Nd6 Qf8 31. Nxb7 Kxb7 32. Rcd6 1-0

[Event "Rimouski"]
[Site "Rimouski CAN"]
[Date "2007.05.20"]
[Round "5"]
[White "St-Pierre, Steve"]
[Black "Bolduc, Steve"]
[Result "0-1"]
[WhiteElo "1873"]
[BlackElo "2312"]
[PlyCount "38"]
[GameId "2160767910676243"]
[EventDate "2007.05.18"]
[EventType "swiss"]
[EventRounds "5"]
[EventCountry "CAN"]

1. Nc3 c5 2. Nf3 Nf6 3. d4 cxd4 4. Nxd4 d6 5. Bg5 e6 6. Ndb5 a6 7. Bxf6 gxf6 8. Nd4 b5 9. e3 Qc7 10. Qh5 Be7 11. Bd3 Bd7 12. Qh6 Nc6 13. Qg7 Rf8 14. Bxh7 O-O-O 15. Be4 d5 16. Bd3 Ne5 17. Bh7 Nc4 18. O-O-O Nxb2 19. Kxb2 Ba3+ 0-1

[Event "Mauricie op"]
[Site "Trois Rivieres CAN"]
[Date "2007.03.16"]
[Round "1"]
[White "Bolduc, Steve"]
[Black "Sicotte, Marc"]
[Result "1-0"]
[WhiteElo "2292"]
[BlackElo "2023"]
[PlyCount "81"]
[GameId "2160767910701568"]
[EventDate "2007.03.16"]
[EventType "swiss"]
[EventRounds "5"]
[EventCountry "CAN"]
[SourceTitle "EXT 2022"]
[Source "ChessBase"]
[SourceDate "2021.10.06"]
[SourceVersion "1"]
[SourceVersionDate "2021.10.06"]
[SourceQuality "1"]

1. d4 d5 2. Nf3 Nf6 3. c4 c6 4. Nc3 dxc4 5. Ne5 b5 6. g3 b4 7. Na4 Qd5 8. f3 Ba6 9. Nc5 Bb5 10. e4 Qd8 11. Bxc4 Bxc4 12. Nxc4 e6 13. Bf4 Bxc5 14. dxc5 O-O 15. Bd6 Re8 16. Qa4 a5 17. Rd1 Ra6 18. Ne5 Qc8 19. O-O Nbd7 20. Nxd7 Nxd7 21. Rd2 Qb7 22. Rc1 Rc8 23. Kg2 h6 24. Rcd1 Qb5 25. Qxb5 cxb5 26. Be7 Ne5 27. Rd8+ Rxd8 28. Rxd8+ Kh7 29. Bd6 Nd3 30. Rb8 Nxb2 31. Rb6 Ra8 32. Rxb5 Nc4 33. e5 f6 34. f4 Rc8 35. Kf3 Kg6 36. Ke4 Rc6 37. Kd4 Nd2 38. Rb6 Rc8 39. c6 fxe5+ 40. fxe5 Nf3+ 41. Ke3 1-0

[Event "Mauricie op"]
[Site "Trois Rivieres CAN"]
[Date "2007.03.17"]
[Round "2"]
[White "Libersan, Thierry"]
[Black "Bolduc, Steve"]
[Result "0-1"]
[WhiteElo "2160"]
[BlackElo "2292"]
[PlyCount "66"]
[GameId "2160767910709781"]
[EventDate "2007.03.16"]
[EventType "swiss"]
[EventRounds "5"]
[EventCountry "CAN"]
[SourceTitle "EXT 2022"]
[Source "ChessBase"]
[SourceDate "2021.10.06"]
[SourceVersion "1"]
[SourceVersionDate "2021.10.06"]
[SourceQuality "1"]

1. e4 c6 2. d3 d5 3. Nd2 e5 4. Ngf3 Bd6 5. g3 Ne7 6. Bg2 O-O 7. O-O f5 8. Qe2 Ng6 9. Rd1 Na6 10. exd5 cxd5 11. c4 e4 12. Ne1 Nc5 13. cxd5 exd3 14. Nxd3 Nxd3 15. Qxd3 Ne5 16. Qb3 f4 17. Nc4 Bg4 18. Re1 fxg3 19. Rxe5 gxf2+ 20. Kf1 Bxe5 21. Nxe5 Qe8 22. d6+ Kh8 23. Qd5 Bd7 24. Be3 Rf5 25. Bxf2 Rxe5 26. Qxb7 Rb8 27. Qxa7 Rxb2 28. Kg1 Ree2 29. Rf1 Rxa2 30. Qd4 Red2 31. Qh4 Rxd6 32. Bc5 Rxg2+ 33. Kxg2 Rg6+ 0-1